000 00596nam a2200217Ia 4500
003 OSt
005 20220930204045.0
006 a|||||r|||| 00| 0
007 ta
008 220926b |||||||| |||| 00| 0 hin d
024 _a81295
037 _cDissertations
040 _aCRL
_cCRL
_bhin
041 _2hin
_ahin
110 _aUniversity of Delhi. Faculty of Arts. Department of Hindi
245 0 _aHindi Samasya natak
650 _aHINDI LITERATURE
_923866
700 _aUniversity of Delhi. Faculty of Arts. Department of Hindi
942 _cDIS
_2CC
999 _c905522
_d905522